El curioso caso de la especie sinnombre : anécdotas taxonómicas de muy diversos géneros /

-д хадгалсан:
Номзүйн дэлгэрэнгүй
Үндсэн зохиолч: Plata Rosas, Luis Javier (autor)
Бусад зохиолчид: Flores Guerrero, Ubaldo Sebastián (ilustración) (ilustración)
Формат: Ном
Хэл сонгох:испани
Хэвлэсэн: Guadalajara, México : Universidad de Guadalajara, 2019, c2019
Цуврал:(Gabinete de Curiosidades)
Нөхцлүүд:
Шошгууд: Шошго нэмэх
Шошго байхгүй, Энэхүү баримтыг шошголох эхний хүн болох!

MARC

LEADER 00000nam^a2200000^a^4500
001 000420661
005 20250521000000.0
009 20260310122516.838
020 |a 978-607-547-567-7 
037 |a Acervo ITESO - Biblioteca 
041 |a ESP 
082 |a 574. 01  |b PLA 
100 |a Plata Rosas, Luis Javier  |e (autor) 
245 1 3 |a El curioso caso de la especie sinnombre :  |b anécdotas taxonómicas de muy diversos géneros /  |c L.J. Plata Rosas ; il. de U.S. Flores Guerrero. 
264 4 |a Guadalajara, México :  |b Universidad de Guadalajara,  |c 2019, c2019 
300 |a 285 p. :  |b tapa dura 
336 |a texto  |b txt  |2 rdacontenido 
337 |a sin mediación  |b n  |2 rdamedio 
338 |a volumen  |b nc  |2 rdasoporte 
440 1 |a (Gabinete de Curiosidades) 
649 |a XX 
650 |a Botánica -  |x Clasificación 
650 |a Zoología -  |x Clasificación 
650 |a Biología -  |x Nomenclatura 
650 |a Biología -  |x Clasificación -  |x Anécdotas y Chistes -  |x Tema Principal 
650 |a Biología -  |x Clasificación -  |x Tema Principal 
650 |a Ciencias Naturales 
650 |a Ciencia -  |x Nomenclatura 
650 |a Ciencia -  |x Clasificación 
650 |a Ciencia -  |x Difusión 
700 |a Flores Guerrero, Ubaldo Sebastián  |e (ilustración) 
910 |a Fondo General 
920 |a Impresos - Libros 
930 |a Colección General 
905 |a 101 
901 |a 0500339527  |b IT1  |c ACC  |i C169304  |u 20250521 
902 |a https://opac.biblio.iteso.mx/vufind/Record/000420661